000
00314nam a2200133Ia 4500
008
220916s9999 xx 000 0 und d
020
_a
9788125601050
100
_a
MAHAPATRA, D. KAR
245
0
_a
DRUG DESIGN
260
_b
TARA PUBLISHERS, DELHI
_c
2021
300
_a
288
650
_a
Pharmaceutics
942
_c
BK
999
_c
94043
_d
94043